Online
Catalog

Las mujeres dominicanas ante la Cumbre Mundial de la Sociedad de la Información : (Record no. 47218)

MARC details
000 -CABECERA
campo de control de longitud fija 00730nam a2200157 a 4500
001 - NÚMERO DE CONTROL
campo de control 000047730
005 - FECHA Y HORA DE LA ÚLTIMA TRANSACCIÓN
campo de control 20201002060713.0
008 - DATOS DE LONGITUD FIJA--INFORMACIÓN GENERAL
campo de control de longitud fija 180724s2015 dr 000 0 spa d
040 ## - FUENTE DE LA CATALOGACIÓN
Centro catalogador/agencia de origen DO-SdBNP
Lengua de catalogación spa
Centro/agencia transcriptor NPHU
082 ## - NÚMERO DE LA CLASIFICACIÓN DECIMAL DEWEY
Número de clasificación xx
Número de documento/Ítem xx
245 04 - MENCIÓN DE TÍTULO
Título Las mujeres dominicanas ante la Cumbre Mundial de la Sociedad de la Información :
Resto del título (CMSI+10), eLAC 2018 y la agenda digital 2016-2020.
260 ## - PUBLICACIÓN, DISTRIBUCIÓN, ETC.
Lugar de publicación, distribución, etc. Santo Domingo :
Nombre del editor, distribuidor, etc. Comisión Nacional Dominicana para la UNESCO,
Fecha de publicación, distribución, etc. 2015.
300 ## - DESCRIPCIÓN FÍSICA
Extensión 11 p. ;
Dimensiones 22 cm.
505 0# - NOTA DE CONTENIDO CON FORMATO
Nota de contenido con formato Cumbre mundial sobre la sociedad de la información CMSI+10 (WSIS+10) --
Título Agenda digital de América Latina y el Caribe (eLAC 18) --
-- Agenda digital de la República Dominicana 2016-2020.
590 ## - NOTA LOCAL (RLIN)
Nota local Inventariado, 2018/VM
Holdings
Estado de retiro Estado de pérdida No para préstamo Código de colección Localización permanente Ubicación/localización actual Ubicación en estantería Fecha de adquisición Número de inventario Total de préstamos Signatura topográfica completa Código de barras Fecha visto por última vez Precio válido a partir de Tipo de ítem Koha
    Excluido de préstamo Patrimonio Dominicano Patrimonio Dominicano Patrimonio Dominicano Depósito 24.07.2018 LF1   xx xx 47730-10 25.06.2020 25.06.2020 Libro y Folleto Colección Patrimonio Dominicano
    Excluido de préstamo Patrimonio Dominicano Patrimonio Dominicano Patrimonio Dominicano Depósito 24.07.2018 LF1   xx xx 47730-20 25.06.2020 25.06.2020 Libro y Folleto Colección Patrimonio Dominicano

Powered by Koha